[Event "Titled Tue 1st Jul Early"]
[Site "chess.com INT"]
[Date "2025.07.01"]
[Round "1"]
[White "May Sanchez, Andres Elias"]
[Black "Kislinsky, Alexey"]
[Result "1/2-1/2"]
[WhiteTitle "CM"]
[BlackTitle "GM"]
[WhiteElo "2215"]
[BlackElo "2341"]
[WhiteFideId "5150973"]
[BlackFideId "14108801"]
[EventDate "2025.07.01"]

1. d4 d5 2. c4 dxc4 3. Nf3 Nf6 4. e3 e6 5. Bxc4 a6 6. O-O b5 7. Be2 Bb7 8. a3 c5
9. dxc5 Bxc5 10. b4 Be7 11. Bb2 O-O 12. Nbd2 Nc6 13. Nb3 Qb6 14. Rc1 Rfd8 15.
Qc2 Rac8 16. Qb1 a5 17. Nxa5 Nxa5 18. bxa5 Qxa5 19. Rxc8 Rxc8 20. Rc1 Rxc1+ 21.
Qxc1 b4 22. axb4 Qxb4 23. Qc3 Qxc3 24. Bxc3 Nd5 25. Bb2 f6 26. Bc4 Kf7 27. Nd4
h6 28. Nxe6 Kxe6 29. e4 Bc5 30. Kf1 Kd6 31. exd5 Bxd5 32. Bxd5 Kxd5 33. Ke2 Bd4
34. Ba3 f5 35. h4 g6 36. Kf3 Be5 37. Bc1 h5 38. Bf4 Bd4 39. Bg3 Bc3 40. Kf4 Ke6
41. Kg5 Kf7 42. f3 Bd2+ 43. Bf4 Bc3 44. g3 Kg7 45. Bc7 Bd2+ 46. Bf4 Bb4 47. Be5+
Kf7 48. Bc7 Bd2+ 49. Bf4 Be1 50. Bc7 Bf2 51. Bf4 Bd4 52. Bc7 Kg7 53. Bb8 Bb6 54.
Be5+ Kf7 55. Bb8 Bc5 56. Bc7 Ba7 57. Bd6 Bb6 58. Bb8 Be3+ 59. Bf4 Bg1 60. Bc7
Bf2 61. Bf4 Be1 62. Bc7 Bd2+ 63. Bf4 Bc3 64. Bc7 Kg7 65. Bb8 Bb4 66. Be5+ Kf7
67. Bc7 Bf8 68. Be5 Be7+ 69. Kf4 Bc5 70. Kg5 Bf2 71. Bf4 1/2-1/2

[Event "Titled Tue 1st Jul Early"]
[Site "chess.com INT"]
[Date "2025.07.01"]
[Round "1"]
[White "Garbuz, Vitaliy"]
[Black "Ashraf, Artin"]
[Result "0-1"]
[WhiteTitle "CM"]
[BlackTitle "FM"]
[WhiteElo "2243"]
[BlackElo "2428"]
[WhiteFideId "12990710"]
[BlackFideId "22514805"]
[EventDate "2025.07.01"]

1. e4 e6 2. d4 d5 3. Nd2 dxe4 4. Nxe4 Nd7 5. Nf3 Ngf6 6. Nxf6+ Nxf6 7. Bd3 c5 8.
O-O cxd4 9. Nxd4 a6 10. c3 Bd6 11. Qf3 Qc7 12. h3 O-O 13. Bg5 Nd7 14. Qe4 g6 15.
Qh4 e5 16. Nf5 h5 17. Rad1 Bc5 18. Ne7+ Kg7 19. Qe4 Bxe7 20. Bxe7 Re8 21. Qh4 f6
22. Bd6 Qxd6 23. Bxg6 Qe7 24. Bxe8 Qxe8 25. Rd6 Qe7 26. Rfd1 Nf8 27. Qxh5 Be6
28. Qf3 Re8 29. Qg3+ Kf7 30. Qe3 Ng6 31. Qh6 Rh8 32. Qe3 Kg7 33. Qb6 Bf5 34. Qe3
Nf4 35. Re1 Qf7 36. Red1 Rh6 37. Qc5 Bxh3 38. gxh3 Qg6+ 39. Kf1 Qg2+ 40. Ke1
Rxh3 41. Kd2 Qe4 42. Rd7+ Kg6 43. Qd6 Rd3+ 44. Qxd3 Nxd3 45. Rxd3 Qf4+ 46. Kc2
Qxf2+ 47. R1d2 Qb6 48. Rg2+ Kf7 49. Rdg3 Ke6 50. Rg7 Qc6 51. Rg8 Qe4+ 52. Kb3
Qd5+ 53. Kc2 Qxa2 54. Re8+ Kf7 55. Rgg8 Qa4+ 56. Kd2 Qxe8 0-1

[Event "Titled Tue 1st Jul Early"]
[Site "chess.com INT"]
[Date "2025.07.01"]
[Round "1"]
[White "Panda, Sambit"]
[Black "Ochedzan, Filip"]
[Result "1-0"]
[WhiteTitle "IM"]
[BlackTitle "CM"]
[WhiteElo "2379"]
[BlackElo "2044"]
[WhiteFideId "25091794"]
[BlackFideId "21892610"]
[EventDate "2025.07.01"]

1. Nf3 Nc6 2. d4 d5 3. c4 e6 4. Nc3 Nf6 5. a3 Be7 6. Bf4 a6 7. e3 O-O 8. cxd5
exd5 9. h3 Bf5 10. Rc1 Re8 11. g4 Bg6 12. Nh4 Bd6 13. Nxg6 hxg6 14. Bg5 Be7 15.
Bg2 Qd7 16. O-O Ne4 17. Bxe4 dxe4 18. Nxe4 Bxa3 19. bxa3 Rxe4 20. f3 Ree8 21.
Bf4 Rac8 22. Rc3 Qd5 23. Qd2 Qd7 24. Rfc1 Re7 25. Kg2 Nd8 26. Rxc7 Rxc7 27. Rxc7
Qe8 28. Rc8 Qd7 29. Qc2 Kh7 30. Qc7 Qxc7 31. Rxc7 Re6 32. Rd7 Re8 33. Bc7 Ne6
34. e4 Rc8 35. Bb6 Rc2+ 36. Kg3 Rc3 37. h4 Rxa3 38. d5 Nf8 39. Rxf7 Kg8 40. Rxb7
Rb3 41. Rb8 a5 42. d6 Kf7 43. Rxf8+ Kxf8 44. d7 Rd3 45. d8=Q+ Rxd8 46. Bxd8 a4
47. Ba5 a3 48. Bb4+ Kf7 49. Bxa3 g5 50. hxg5 g6 51. f4 Ke6 52. f5+ Ke5 53. Kf3
gxf5 54. gxf5 Kd4 55. g6 Ke5 56. g7 Kf6 57. g8=Q Ke5 58. Qd5+ Kf6 59. Qe6+ Kg5
60. Qg6+ Kh4 61. Be7+ Kh3 62. Qg3# 1-0

[Event "Titled Tue 1st Jul Early"]
[Site "chess.com INT"]
[Date "2025.07.01"]
[Round "1"]
[White "Ketzetzis, Georgios"]
[Black "Rubio, Lloyd"]
[Result "1-0"]
[WhiteTitle "FM"]
[WhiteElo "2292"]
[BlackElo "2167"]
[WhiteFideId "4215206"]
[BlackFideId "5210453"]
[EventDate "2025.07.01"]

1. e4 e5 2. Nf3 Nc6 3. Bc4 Bc5 4. b4 Bxb4 5. c3 Be7 6. d4 Na5 7. Bd3 d6 8. dxe5
dxe5 9. Nxe5 Nf6 10. Qa4+ Nc6 11. O-O O-O 12. Nxc6 bxc6 13. Bc2 Bd7 14. e5 Nd5
15. Qe4 g6 16. Bh6 Re8 17. Qe2 Bg5 18. Bxg5 Qxg5 19. f4 Qe7 20. c4 Nb6 21. Bd3
Qc5+ 22. Kh1 Qd4 23. Nd2 Na4 24. Ne4 Kg7 25. Rad1 Nc3 26. Nxc3 Qxc3 27. Bxg6
hxg6 28. Rxd7 Rad8 29. Qg4 Rxd7 30. Qxd7 Qxc4 31. Re1 Re6 32. Qxc7 Qc3 33. Rg1
Qe3 34. Rf1 Qe2 35. Kg1 Qd2 36. f5 Qd4+ 37. Kh1 gxf5 38. h3 Rxe5 39. Qxc6 Qe4
40. Qa6 f4 41. Qxa7 Rh5 42. Qf2 Rxh3+ 43. Kg1 Rf3 44. gxf3 Qe3 45. Qxe3 fxe3 46.
Re1 Kf6 47. a4 Ke5 48. a5 Kd4 49. a6 Kd3 50. a7 Kd2 51. Rxe3 Kxe3 52. a8=Q Kd3
53. Qe4+ 1-0

[Event "Titled Tue 1st Jul Early"]
[Site "chess.com INT"]
[Date "2025.07.01"]
[Round "1"]
[White "Jaskolka, Tomasz"]
[Black "Garde, Guillaume"]
[Result "0-1"]
[WhiteTitle "CM"]
[BlackTitle "CM"]
[WhiteElo "2194"]
[BlackElo "2196"]
[WhiteFideId "1170791"]
[BlackFideId "45138273"]
[EventDate "2025.07.01"]

1. d4 d5 2. Bf4 Nc6 3. e3 Bf5 4. c4 e6 5. a3 g5 6. Bg3 Nf6 7. Nc3 h5 8. h4 g4 9.
Nge2 dxc4 10. Nf4 Na5 11. Bxc4 Nxc4 12. Qa4+ c6 13. Qxc4 Ne4 14. Nxe4 Bxe4 15.
O-O Be7 16. b4 Bxh4 17. b5 Be7 18. bxc6 bxc6 19. Nd3 Qd5 20. Qxd5 cxd5 21. Nc5
Bxc5 22. dxc5 h4 23. Be5 Rh5 24. Bd6 h3 25. f3 hxg2 26. Kxg2 gxf3+ 27. Kg3 Kd7
28. Rg1 Rg8+ 29. Kf2 Rg2+ 30. Rxg2 fxg2 31. Rg1 Rf5+ 32. Ke1 Kc6 33. Bh2 Kxc5
34. Bf4 e5 35. Bg3 Kc4 36. Kd2 Rf1 37. Bh2 Rf2+ 38. Ke1 Ra2 39. Bxe5 Rxa3 40.
Bd4 Rb3 41. Kd2 Rd3+ 42. Ke2 Rb3 43. Rc1+ Kb5 44. Kf2 a5 45. Rc5+ Kb4 46. Rc7
Rb1 47. Rb7+ Kc4 48. Rc7+ Kd3 49. Rc3+ Kd2 50. Kg3 g1=Q+ 51. Kf4 Rf1+ 52. Ke5
Rf5+ 53. Kd6 Qg6+ 54. Kc5 Qe6 55. Kb5 Qd7+ 56. Kxa5 Rf1 57. Rc5 Qd8+ 58. Ka4
Qa8+ 59. Ra5 Qxa5+ 60. Kxa5 Rc1 61. Kb4 Rc4+ 62. Kb5 Rxd4 63. exd4 Kd3 64. Kc5
f5 65. Kd6 Kxd4 66. Ke6 f4 67. Kf6 f3 68. Kg5 f2 69. Kf4 f1=Q+ 70. Kg4 Qf3+ 71.
Kg5 Qf5+ 72. Kh4 Qg6 73. Kh3 Ke3 74. Kh2 Qg2# 0-1

[Event "Titled Tue 1st Jul Early"]
[Site "chess.com INT"]
[Date "2025.07.01"]
[Round "1"]
[White "Begunov, Konstantin"]
[Black "Galaktionov, Artem"]
[Result "0-1"]
[WhiteTitle "FM"]
[BlackTitle "FM"]
[WhiteElo "2325"]
[BlackElo "2360"]
[WhiteFideId "4118510"]
[BlackFideId "24175471"]
[EventDate "2025.07.01"]

1. d4 c6 2. c4 g6 3. Nc3 d6 4. e4 Bg7 5. Be3 Nd7 6. Qd2 e5 7. Nge2 Ngf6 8. f3
O-O 9. O-O-O a6 10. Kb1 b5 11. dxe5 dxe5 12. Nc1 Re8 13. Nb3 Bf8 14. Be2 Qc7 15.
h4 Nb6 16. cxb5 axb5 17. Rc1 Nc4 18. Bxc4 bxc4 19. Nc5 Rd8 20. Qe2 Bxc5 21. Bxc5
Be6 22. Rhd1 Nh5 23. Qe3 Rxd1 24. Rxd1 Nf4 25. Bd6 Qa5 26. a3 Nd3 27. Rd2 Re8
28. Qg5 Kg7 29. h5 f6 30. h6+ Kf7 31. Qe3 Rd8 32. Bb4 Qc7 33. Na2 Rb8 34. Rc2 c5
35. Bc3 g5 36. Nc1 Nf4 37. g3 Ng6 38. Ne2 Ne7 39. f4 gxf4 40. gxf4 exf4 41. Nxf4
Bg4 42. Rf2 Rb6 43. Nd5 Nxd5 44. exd5 Bh5 45. Qg5 Bg6+ 46. Ka1 Qe7 47. Qf4 Rd6
48. Rd2 Ke8 49. Qf2 Qc7 50. Rd1 Kd7 51. Re1 Kc8 52. Qf4 Rxd5 53. Qxf6 Kb7 54.
Ka2 Bd3 55. Re7 Rd7 56. Qf3+ Ka6 57. Re6+ Ka7 58. Qf6 Qb7 59. Rd6 Qb3+ 60. Ka1
Qd1+ 61. Ka2 Qb1# 0-1

[Event "Titled Tue 1st Jul Early"]
[Site "chess.com INT"]
[Date "2025.07.01"]
[Round "1"]
[White "Torres Rebolledo, Alvaro"]
[Black "Risteski, Emil"]
[Result "0-1"]
[WhiteTitle "FM"]
[BlackTitle "IM"]
[WhiteElo "2319"]
[BlackElo "2374"]
[WhiteFideId "54587670"]
[BlackFideId "15005267"]
[EventDate "2025.07.01"]

1. Nf3 d6 2. d4 Nf6 3. Nc3 Nbd7 4. g3 e5 5. dxe5 dxe5 6. Bg2 c6 7. O-O Be7 8. a4
a5 9. Nd2 O-O 10. Nc4 Qc7 11. e4 Rd8 12. Qe2 Nc5 13. f4 Nfd7 14. fxe5 Ne6 15.
Bf4 b6 16. b3 Ba6 17. Qf2 Bxc4 18. bxc4 Bc5 19. Be3 Nxe5 20. Bxc5 Nxc5 21. Qf4
Ne6 22. Qf5 Nd4 23. Qf2 Ng4 24. Qf4 Qxf4 25. Rxf4 Ne5 26. Rb1 Rab8 27. Bf1 Nxc2
28. Rf5 f6 29. Rb2 Ne3 30. Rff2 Nxf1 31. Rxf1 Nxc4 32. Re2 Rd3 33. Nd1 Rbd8 34.
Nf2 Rd2 35. Rfe1 Rxe2 36. Rxe2 Rd2 37. Rxd2 Nxd2 38. Nd3 Nxe4 39. Kf1 Kf7 40.
Ke2 Nc3+ 41. Kd2 Nxa4 42. Kc2 Nc5 43. Nb2 b5 44. Kc3 Ke6 45. Nd1 Kd6 46. h4 Ne4+
47. Kb3 Nxg3 48. h5 Nxh5 49. Ne3 g6 50. Ng4 f5 51. Nf2 Nf6 52. Nh3 Nd5 53. Ng5
h5 54. Nf3 a4+ 55. Kb2 Kc5 56. Nh4 Nf4 57. Nf3 b4 58. Ka2 Kd5 59. Ka1 c5 60. Nd2
h4 61. Nf3 h3 62. Nh2 g5 63. Kb2 g4 64. Nf1 c4 65. Ng3 h2 66. Nh1 Ne2 67. Kc2
Nd4+ 68. Kd2 f4 69. Kc1 g3 70. Kb1 g2 71. Kb2 a3+ 72. Ka2 Nb5 73. Nf2 b3+ 74.
Kb1 c3 75. Kc1 a2 76. Kd1 Nd4 77. Nh1 b2 78. Ke1 gxh1=Q+ 79. Kf2 Qf3+ 80. Ke1 c2
81. Kd2 c1=Q# 0-1

[Event "Titled Tue 1st Jul Early"]
[Site "chess.com INT"]
[Date "2025.07.01"]
[Round "1"]
[White "Smieszek, Wojciech"]
[Black "Deac, Bogdan-Daniel"]
[Result "1-0"]
[WhiteTitle "CM"]
[BlackTitle "GM"]
[WhiteElo "2141"]
[BlackElo "2674"]
[WhiteFideId "1156047"]
[BlackFideId "1226380"]
[EventDate "2025.07.01"]

1. e4 c5 2. Nf3 e6 3. d4 cxd4 4. Nxd4 Nf6 5. Nc3 d6 6. Be3 Be7 7. Bd3 Nbd7 8.
O-O Nc5 9. f4 O-O 10. Qf3 e5 11. fxe5 dxe5 12. Nf5 Bxf5 13. Qxf5 Nxd3 14. Rad1
Qc7 15. Rxd3 Bc5 16. Nd5 Nxd5 17. exd5 Bxe3+ 18. Rxe3 Rad8 19. Rxe5 g6 20. Qe4
Qb6+ 21. Kh1 Qxb2 22. Re7 a6 23. Qf4 Qg7 24. d6 b5 25. d7 g5 26. Qc7 Qg6 27. Rd1
Qf6 28. Rde1 Kg7 29. h3 h5 30. R1e6 Qf1+ 31. Kh2 Qf4+ 32. Qxf4 gxf4 33. Rxa6 Rb8
34. Re5 Rfd8 35. Rd6 f6 36. Rxh5 Rb7 37. Rhd5 Rc7 38. Rd2 Kf7 39. Kg1 Ra7 40. c3
Rc7 41. R6d3 Rc6 42. Kf2 Rc4 43. Kf3 Kg6 44. h4 Kh5 45. Re2 Rc7 46. Re7 Kg6 47.
Kxf4 Rc4+ 48. Kf3 Rc7 49. g4 Kh6 50. Kf4 Rc5 51. Rd4 Rc7 52. Rd6 Rc4+ 53. Kf5
Rc5+ 54. Kxf6 b4 55. Re8 bxc3 56. Rxd8 Kh7 57. Re8 c2 58. Re7+ Kh6 59. d8=Q c1=Q
60. Qh8# 1-0

[Event "Titled Tue 1st Jul Early"]
[Site "chess.com INT"]
[Date "2025.07.01"]
[Round "1"]
[White "Winkels, Marcel"]
[Black "Wartiovaara, Oliver"]
[Result "1-0"]
[WhiteTitle "CM"]
[BlackTitle "FM"]
[WhiteElo "1905"]
[BlackElo "2322"]
[WhiteFideId "1003887"]
[BlackFideId "513024"]
[EventDate "2025.07.01"]

1. e4 c6 2. d4 d5 3. exd5 cxd5 4. Bd3 Nf6 5. c3 Nc6 6. h3 e5 7. dxe5 Nxe5 8.
Bb5+ Bd7 9. Bxd7+ Qxd7 10. Nf3 Bd6 11. Nxe5 Bxe5 12. Qe2 O-O 13. O-O Rfe8 14.
Be3 Ne4 15. Nd2 Nd6 16. Nf3 Bf6 17. Qd2 Nc4 18. Qc1 Nxe3 19. fxe3 Rac8 20. Nd4
Re4 21. Rf3 Rce8 22. Qd2 Bg5 23. Nc2 g6 24. Rd1 R8e5 25. b3 Qe7 26. Kh1 Bxe3 27.
Nxe3 Rxe3 28. Rxe3 Rxe3 29. Qxd5 Rxc3 30. Qd4 Qc5 31. Qd8+ Kg7 32. Qd7 Rc1 33.
Rxc1 Qxc1+ 34. Kh2 Qc6 35. Qd4+ Qf6 36. Qxa7 Qe5+ 37. Kh1 b5 38. Qa5 g5 39. a4
Qa1+ 40. Kh2 Qe5+ 41. Kh1 Qa1+ 42. Kh2 bxa4 43. bxa4 h6 44. Qa7 Qe5+ 45. Kh1
Qe1+ 46. Kh2 Kg6 47. a5 f5 48. a6 g4 49. Qb6+ Kg5 50. hxg4 fxg4 51. Qc5+ Kh4 52.
Qd4 Qg3+ 53. Kh1 Qe1+ 54. Kh2 Qe7 55. g3+ Kh5 56. Qd5+ Kg6 57. Qc6+ Kg5 58. Qd5+
Kg6 59. Qc6+ Kf5 60. Qd5+ Kf6 61. Qc6+ Kf7 62. Qb7 1-0

[Event "Titled Tue 1st Jul Early"]
[Site "chess.com INT"]
[Date "2025.07.01"]
[Round "1"]
[White "Shakirov, Marat"]
[Black "Manvelyan, Mikayel"]
[Result "1/2-1/2"]
[WhiteTitle "FM"]
[BlackTitle "FM"]
[WhiteElo "2167"]
[BlackElo "2362"]
[WhiteFideId "44118171"]
[BlackFideId "13310143"]
[EventDate "2025.07.01"]

1. d4 Nf6 2. c4 e6 3. Nf3 d5 4. Nc3 Be7 5. cxd5 exd5 6. Bg5 c6 7. Qc2 g6 8. e3
Bf5 9. Bd3 Bxd3 10. Qxd3 Nbd7 11. Bh6 Ng4 12. Bf4 O-O 13. h3 Ngf6 14. g4 Re8 15.
Kf1 Qb6 16. Kg2 a5 17. Ne5 Nxe5 18. Bxe5 Nd7 19. Bg3 a4 20. Rab1 Qa6 21. Qc2 Bb4
22. h4 Nf6 23. g5 Ne4 24. Nxe4 Rxe4 25. Be5 Bf8 26. Qd2 Re8 27. f3 R4xe5 28.
dxe5 Rxe5 29. Rhe1 Bc5 30. e4 dxe4 31. Rxe4 Rxe4 32. fxe4 Qc4 33. Re1 Bf8 34.
Qe2 Qxa2 35. e5 Qe6 36. Qe4 b5 37. Rf1 b4 38. Rf6 Qb3 39. Qd4 a3 40. e6 Qxb2+
41. Qxb2 axb2 42. exf7+ Kg7 43. Rf1 c5 44. Rb1 c4 45. Rxb2 Kxf7 46. Kf3 b3 47.
Ke4 Ba3 48. Rf2+ Ke6 49. Kd4 Bc5+ 50. Kxc5 c3 51. Re2+ Kf7 52. Kd6 c2 53. Rf2+
Kg7 54. Ke7 c1=Q 55. Rf7+ Kg8 56. Rf8+ Kg7 57. Rf7+ Kg8 58. Rf8+ Kg7 59. Rf7+ 1/2-1/2

[Event "Titled Tue 1st Jul Early"]
[Site "chess.com INT"]
[Date "2025.07.01"]
[Round "1"]
[White "Gulamirian, Korun"]
[Black "Guo, Felix"]
[Result "1-0"]
[WhiteTitle "CM"]
[WhiteElo "1890"]
[BlackElo "2091"]
[WhiteFideId "4144899"]
[BlackFideId "30997550"]
[EventDate "2025.07.01"]

1. e4 c6 2. Nc3 d5 3. Nf3 Bg4 4. h3 Bxf3 5. Qxf3 e6 6. exd5 cxd5 7. Bb5+ Nc6 8.
O-O Nf6 9. d3 Be7 10. Re1 O-O 11. Bg5 h6 12. Bh4 Nd4 13. Qd1 Nxb5 14. Nxb5 a6
15. Nd4 Bc5 16. Nf3 Kh8 17. c3 g5 18. Bg3 Nh5 19. Bh2 Nf4 20. d4 Bd6 21. Ne5 Qe7
22. Bxf4 gxf4 23. Qh5 Qg5 24. Qxg5 hxg5 25. Nd7 Rfd8 26. Nf6 Kg7 27. Ng4 f5 28.
Ne5 Kf6 29. Re2 Re8 30. Rae1 Re7 31. g4 fxg3 32. fxg3 Rh8 33. Kg2 Reh7 34. Nf3
Re8 35. h4 gxh4 36. Nxh4 Rg7 37. Re3 f4 38. Rf1 Reg8 39. Ref3 Rxg3+ 40. Rxg3
Rxg3+ 41. Kf2 Rh3 42. Nf3 Ke7 43. Rg1 Rh7 44. Rg6 Rf7 45. Ng5 Kd7 46. Nxf7 Be7
47. Ne5+ Kd6 48. Rg8 b5 49. Kf3 Bf6 50. Nd3 a5 51. Nxf4 Be7 52. Rg6 Kd7 53. Rxe6
Bd6 54. Rh6 a4 55. Nxd5 a3 56. b3 Bf8 57. Rh7+ Kc6 58. Nb4+ Kb6 59. Rf7 Bd6 60.
Rf6 Ka5 61. Re6 Bc5 62. Nc6+ Kb6 63. dxc5+ Ka6 64. Nb4+ Ka5 65. Ra6# 1-0

[Event "Titled Tue 1st Jul Early"]
[Site "chess.com INT"]
[Date "2025.07.01"]
[Round "1"]
[White "Smirnov, Mark"]
[Black "Sitnic, Adnan"]
[Result "1-0"]
[WhiteTitle "FM"]
[BlackTitle "CM"]
[WhiteElo "2352"]
[BlackElo "2058"]
[WhiteFideId "13764594"]
[BlackFideId "14403854"]
[EventDate "2025.07.01"]

1. e4 Nc6 2. Nc3 d6 3. d4 Nf6 4. Nf3 Bg4 5. d5 Nb8 6. Be2 c6 7. O-O e5 8. dxe6
Bxe6 9. Nd4 Bc8 10. a4 Be7 11. Re1 O-O 12. Bc4 Nbd7 13. Nf5 Ne5 14. Nxe7+ Qxe7
15. Ba2 Be6 16. Bxe6 Qxe6 17. Bf4 Rad8 18. b3 Rfe8 19. Qd4 h6 20. Rad1 Nfd7 21.
Qxa7 b6 22. Qa6 Ra8 23. Qe2 Nf6 24. f3 Red8 25. Rd2 Ra7 26. Red1 Rad7 27. Qe3
Ng6 28. Bg3 d5 29. Qxb6 dxe4 30. Qxd8+ Rxd8 31. Rxd8+ Kh7 32. Re1 e3 33. Rd3 Qf5
34. Rexe3 Nh5 35. Ne4 Nhf4 36. Rd2 Nd5 37. Re1 h5 38. h4 Ngf4 39. a5 Nb4 40. Rd4
Nxc2 41. Ng5+ Kg6 42. Rxf4 Qc5+ 43. Bf2 Qxa5 44. Ree4 Qa1+ 45. Kh2 Qc1 46. Rc4
Qd2 47. Kg3 Qd3 48. Ne4 Ne3 49. Rc3 Nf1+ 50. Kh3 Qd7+ 51. g4 hxg4+ 52. fxg4 Nd2
53. h5+ Kh7 54. Ng5+ Kh6 55. Be3 f6 56. Rd4 1-0

[Event "Titled Tue 1st Jul Early"]
[Site "chess.com INT"]
[Date "2025.07.01"]
[Round "1"]
[White "Logachiov, Aleksandr"]
[Black "Ivannikov, Maksim"]
[Result "1/2-1/2"]
[WhiteTitle "CM"]
[BlackTitle "CM"]
[WhiteElo "2129"]
[BlackElo "2184"]
[WhiteFideId "24123706"]
[BlackFideId "34275339"]
[EventDate "2025.07.01"]

1. d4 Nf6 2. Bg5 g6 3. Bxf6 exf6 4. c4 c6 5. g3 Bg7 6. Nc3 h5 7. h4 d6 8. Bg2
O-O 9. e3 Nd7 10. Nge2 Re8 11. O-O Nf8 12. Rb1 a5 13. a3 Be6 14. Qd3 d5 15. cxd5
cxd5 16. Qb5 a4 17. Nf4 Ra5 18. Qxb7 Qd6 19. Qb4 Qa6 20. Ncxd5 Bxd5 21. Nxd5 Ne6
22. Rbc1 Rb5 23. Qc4 Qa5 24. Nb4 Rb6 25. d5 Nf8 26. Qc7 Rb5 27. Qc6 Rd8 28. Qc4
Qb6 29. Rfd1 f5 30. Rc2 Rd6 31. Rdd2 Nd7 32. Qc8+ Kh7 33. Rc6 Rxc6 34. dxc6 Ne5
35. Qe8 Rc5 36. Rd8 Rc1+ 37. Kh2 Ng4+ 38. Kh3 Nxf2+ 39. Kh2 Qc7 40. Rd7 Ng4+ 41.
Kh3 Qe5 42. Qxe5 Nf2+ 43. Kh2 Bxe5 44. Rxf7+ Kh6 45. Re7 Bd6 46. Re8 Ng4+ 47.
Kh3 Nf2+ 48. Kh2 Ng4+ 49. Kh3 Rd1 50. Bf3 Rd2 51. Bg2 Rxb2 52. Nd5 Rd2 53. c7
Nf2+ 54. Kh2 Ng4+ 55. Kh3 Nf2+ 56. Kh2 Ng4+ 57. Kh3 1/2-1/2

[Event "Titled Tue 1st Jul Early"]
[Site "chess.com INT"]
[Date "2025.07.01"]
[Round "1"]
[White "Fecker, Noah"]
[Black "Leinov, Roman"]
[Result "0-1"]
[WhiteTitle "FM"]
[BlackTitle "CM"]
[WhiteElo "2347"]
[BlackElo "2120"]
[WhiteFideId "1334263"]
[BlackFideId "13504649"]
[EventDate "2025.07.01"]

1. d4 Nf6 2. Nf3 e6 3. Bf4 b6 4. e3 Bb7 5. Nbd2 Nh5 6. Bg5 Be7 7. Bxe7 Qxe7 8.
Be2 O-O 9. O-O d6 10. c4 Nd7 11. Rc1 e5 12. b4 e4 13. Ne1 Nhf6 14. Qb3 a5 15. a3
axb4 16. axb4 g6 17. Nc2 Kg7 18. Ra1 Rxa1 19. Rxa1 Ra8 20. Rxa8 Bxa8 21. Qa4 Qd8
22. Na3 Bb7 23. Nb5 Qb8 24. Bd1 c6 25. Nc3 d5 26. c5 b5 27. Qa5 Nf8 28. Nb3 Ne6
29. Ne2 h5 30. Qb6 Nd7 31. Qa5 f5 32. g3 g5 33. Qa1 Kg6 34. Na5 Nf6 35. Qc1 Qc7
36. Qd2 Bc8 37. Qe1 Bd7 38. Qf1 f4 39. gxf4 gxf4 40. Qg2+ Kh6 41. exf4 Nxf4 42.
Qg3 Nxe2+ 43. Bxe2 Qxg3+ 44. hxg3 Kg5 45. Kg2 Be8 46. Kh3 Bd7+ 47. Kg2 Be8 48.
Nb7 Bd7 49. Nd6 Be6 50. Bd1 Ng8 51. Ne8 Nf6 52. Nd6 Ng8 53. Be2 Nh6 54. Bf1 Nf5
55. Nxf5 Bxf5 56. Be2 Bg4 57. Bf1 Bd7 58. Kh2 Be6 59. Bh3 Bg4 60. Kg2 Bf3+ 61.
Kf1 Bg4 62. Bg2 h4 63. gxh4+ Kxh4 64. Ke1 Bh3 65. Bh1 Kg4 66. Kd2 Kf4 67. Ke2
Bg4+ 68. Kd2 Bf3 69. Bxf3 Kxf3 70. Ke1 e3 71. Kf1 Ke4 72. Ke2 exf2 73. Kxf2 Kxd4 0-1

[Event "Titled Tue 1st Jul Early"]
[Site "chess.com INT"]
[Date "2025.07.01"]
[Round "1"]
[White "Safin Safarullakhan"]
[Black "Martin Fuentes, Alberto"]
[Result "0-1"]
[WhiteTitle "CM"]
[BlackTitle "FM"]
[WhiteElo "2028"]
[BlackElo "2376"]
[WhiteFideId "33379475"]
[BlackFideId "2292289"]
[EventDate "2025.07.01"]

1. Nf3 Nf6 2. c4 c5 3. Nc3 Nc6 4. e3 g6 5. d4 d6 6. dxc5 dxc5 7. Qxd8+ Nxd8 8.
b3 Bd7 9. Bb2 Bc6 10. Ne5 Bg7 11. Nxc6 Nxc6 12. O-O-O O-O 13. Be2 b6 14. Bf3
Rac8 15. h4 Ne5 16. Be2 Rfd8 17. h5 gxh5 18. f4 Neg4 19. Bxg4 Nxg4 20. Rxh5 Nxe3
21. Rxd8+ Rxd8 22. Rg5 f6 23. Rg3 Nf5 24. Rh3 Bh6 25. Nd5 Kf7 26. g4 Rxd5 27.
cxd5 Bxf4+ 28. Kb1 Nh6 29. Rf3 Bg5 30. Rg3 Bf4 31. Rg1 Kg6 32. Bc1 Bxc1 33. Kxc1
Nf7 34. Kd2 Kg5 35. Rh1 h6 36. Rg1 Ne5 37. Ke3 Nxg4+ 38. Kf3 h5 39. a3 a5 40. b4
cxb4 41. axb4 axb4 42. Rb1 Ne5+ 43. Kg3 Nd3 44. Rb3 Nf4 45. Rxb4 Nxd5 46. Rb5 e6
47. Rb2 f5 48. Re2 f4+ 49. Kh3 Kf5 50. Rd2 b5 51. Rb2 b4 52. Kh4 e5 53. Kxh5 f3
54. Kh4 Kf4 55. Kh3 e4 56. Kh2 e3 57. Kg1 Ke4 58. Kf1 Kd3 59. Rb3+ Kc4 60. Rb2
b3 61. Ke1 Kc3 62. Rb1 b2 63. Rd1 Kc2 64. Kf1 Kxd1 0-1

[Event "Titled Tue 1st Jul Early"]
[Site "chess.com INT"]
[Date "2025.07.01"]
[Round "1"]
[White "Huh, Isaak"]
[Black "Lisenkov, Svyatoslav"]
[Result "1-0"]
[WhiteTitle "CM"]
[BlackTitle "CM"]
[WhiteElo "2148"]
[BlackElo "2283"]
[WhiteFideId "13209590"]
[BlackFideId "34264183"]
[EventDate "2025.07.01"]

1. Nf3 Nf6 2. g3 g6 3. Bg2 Bg7 4. O-O O-O 5. d4 d6 6. c4 Nc6 7. Nc3 e5 8. d5 Nb8
9. b4 a5 10. bxa5 Rxa5 11. Bd2 Ra8 12. e4 Na6 13. Re1 Nc5 14. Qc2 h6 15. Be3
Nfd7 16. Nd2 f5 17. exf5 gxf5 18. Nb3 b6 19. Nxc5 Nxc5 20. Bxc5 bxc5 21. a4 e4
22. Ra2 Ba6 23. Ne2 Be5 24. Rc1 Rb8 25. Qd2 Qg5 26. f4 exf3 27. Bxf3 Qxd2 28.
Rxd2 Rb4 29. Rdc2 Rxa4 30. Nf4 Bd4+ 31. Kg2 Be3 32. Re1 Bxf4 33. gxf4 Rxc4 34.
Ra2 Bc8 35. Re7 Rb4 36. Rxc7 Rb7 37. Rc6 Rd7 38. Rb2 Bb7 39. Rcb6 Ba8 40. Rb8
Rdd8 41. R8b6 Kf7 42. Ra6 Rg8+ 43. Kf2 Ke7 44. Ra7+ Rd7 45. Ra6 Rgd8 46. Re2+
Kf8 47. Re6 c4 48. Rxh6 c3 49. Ra3 Rc7 50. Rh8+ Ke7 51. Rh7+ Kf6 52. Rxc7 Rb8
53. Rcxc3 Rb2+ 54. Kg3 Rd2 55. Rd3 Rc2 56. Rxa8 Rb2 57. Rf8+ Kg6 58. Rd8 Kf6 59.
Rxd6+ Ke7 60. Rc6 Rb1 61. d6+ Kd7 62. Rc7+ Ke6 63. Re7+ Kf6 64. Re2 Rg1+ 65. Kf2
Rg8 66. d7 Rd8 67. Re8 Rxd7 68. Rxd7 1-0

[Event "Titled Tue 1st Jul Early"]
[Site "chess.com INT"]
[Date "2025.07.01"]
[Round "1"]
[White "Drygalov, Sergey"]
[Black "Reprintsev, Alexander"]
[Result "1-0"]
[WhiteTitle "GM"]
[BlackTitle "IM"]
[WhiteElo "2560"]
[BlackElo "2256"]
[WhiteFideId "24171743"]
[BlackFideId "14100541"]
[EventDate "2025.07.01"]

1. d4 d5 2. Nf3 Bf5 3. c4 e6 4. Nc3 c6 5. Bf4 Nd7 6. e3 h6 7. h3 Ngf6 8. Be2 Be7
9. O-O O-O 10. Qb3 Qb6 11. Bh2 Ne4 12. Rfc1 Rfe8 13. c5 Qxb3 14. axb3 a6 15. b4
Bf8 16. Nxe4 Bxe4 17. Nd2 Bh7 18. Nb3 e5 19. Bg4 f5 20. Bh5 g6 21. Bd1 Bg7 22.
Bc2 Re7 23. Rd1 Rae8 24. Na5 Nf8 25. Ba4 exd4 26. exd4 Bxd4 27. Bd6 Bxb2 28.
Bxe7 Rxe7 29. Re1 Rf7 30. Rab1 Bc3 31. Re8 f4 32. Bc2 Kg7 33. Rb8 Ne6 34. Nxb7
Nd4 35. Bd3 g5 36. Bxh7 Kxh7 37. Nd8 Re7 38. Rc8 f3 39. Nxc6 Ne2+ 40. Kf1 fxg2+
41. Kxg2 Nf4+ 42. Kg3 Rf7 43. Ra8 Kg6 44. Rxa6 Kf5 45. b5 h5 46. b6 h4+ 47. Kh2
Ke4 48. b7 Ne2 49. Kg2 Nf4+ 50. Kf1 Nxh3 51. Ra2 Rxb7 52. Rxb7 g4 53. Re7+ Kf5
54. Rc2 Bf6 55. Rd7 Nf4 56. Nb4 h3 57. Nxd5 h2 58. Rh7 Nxd5 59. Rxh2 Kf4 60. c6
Be5 61. Rh5 Nc7 62. Rc4+ 1-0